Physiological approach to production efficiency of Rainbow trout (Oncorhynchus mykiss Walbaum) at different ambient temperatures

Elmentve itt :
Bibliográfiai részletek
Szerző: Ivanc Aleksander
Dokumentumtípus: Cikk
Megjelent: 2008
Sorozat:Agrár- és vidékfejlesztési szemle 3 No. 1
Kulcsszavak:Természettudomány, Agrártudomány
Online Access:http://acta.bibl.u-szeged.hu/12966
LEADER 00723nab a2200181 i 4500
001 acta12966
005 20210610150905.0
008 161015s2008 hu o 0|| eng d
022 |a 1788-5345 
040 |a SZTE Egyetemi Kiadványok Repozitórium  |b hun 
041 |a eng 
100 1 |a Ivanc Aleksander 
245 1 0 |a Physiological approach to production efficiency of Rainbow trout (Oncorhynchus mykiss Walbaum) at different ambient temperatures  |h [elektronikus dokumentum] /  |c  Ivanc Aleksander 
260 |c 2008 
300 |a 18 
490 0 |a Agrár- és vidékfejlesztési szemle  |v 3 No. 1 
695 |a Természettudomány, Agrártudomány 
856 4 0 |u http://acta.bibl.u-szeged.hu/12966/1/agrarszemle_2008_001_018.pdf  |z Dokumentum-elérés